00546nam a2200181 a 4500008004100000020001800041050001600059100002300075245008400098250001300182260004200195300004100237350000900278650001200287650002500299700001900324700002100343100722s2009 ||||||||||||||||| || u a9780321536150 aQR 41.2 Bio aMadigan, Michael T10aBrock biology of microorganisms. (12th ed.)cby Michael T. Madigan [and others] a12th ed. aBoston:bPearson Education, Incc2009 axxviii, 1061p. various pagings: ill. a0.00 0aBIOLOGY aMEDICAL MICROBIOLOGY aDunlop, Paul V aMartinko, John M